| 000 | 00670cam a22001691 4500 | ||
|---|---|---|---|
| 082 |
_a621.89 _bARC _cL-tech P-116 |
||
| 100 | 1 |
_aArchbutt, Leonard. _942003 |
|
| 245 | 1 | 0 |
_aLubrication and lubricants : _ba treatise on the theory and practice of lubrication, and on the nature, properties, and testing of lubricants / _cby Leonard Archbutt ... and R. Mountford Deeley ... |
| 250 | _a5th ed., | ||
| 260 |
_aLondon : _bGriffin, _c1927. |
||
| 300 |
_axxxii, 650 p. : _bill., diagrs. ; _c24 cm. |
||
| 526 |
_a0 _b0 _c0 _d621_890000000000000_ARC |
||
| 650 | 0 |
_aLubrication and lubricants. _941091 |
|
| 650 | 0 |
_aMCE _9379 |
|
| 700 | 1 |
_aDeeley, R. Mountford _942004 |
|
| 942 |
_2ddc _cBK |
||
| 999 |
_c546009 _d546009 |
||